[Event "GER-ch U08"]
[White "Roscher, Simon"]
[Black "Jiang, Luca"]
[Site "Willingen"]
[Round "7"]
[Result "1/2-1/2"]
[Date "2024.05.25"]
[WhiteElo "1109"]
[BlackElo "1098"]
[PlyCount "240"]
[EventDate "2024.05.22"]
[EventType "swiss"]
[EventRounds "7"]
[EventCountry "GER"]
[SourceTitle "CBM 220 Extra"]
[Source "ChessBase"]
[SourceDate "2024.07.31"]
[SourceVersion "1"]
[SourceVersionDate "2024.07.31"]
[SourceQuality "1"]

1. e4 e5 2. Nf3 Nc6 3. d4 exd4 4. Bc4 Bb4+ 5. c3 dxc3 6. bxc3 Bc5 7. Bxf7+ Kxf7 8. Qd5+ Ke8 9. Qxc5 d6 10. Qd5 Nf6 11. Qd3 Bg4 12. 0-0 Qe7 13. Re1 Kd7 14. Nbd2 Rad8 15. Nb3 Kc8 16. h3 Ne5 17. Nxe5 dxe5 18. Qg3 Bd7 19. Be3 Nxe4 20. Qf3 Ng5 21. Bxg5 Qxg5 22. Nc5 Bc6 23. Qg4+ Qxg4 24. hxg4 Rhe8 25. Rad1 Rxd1 26. Rxd1 e4 27. Re1 Re5 28. Nb3 Kd7 29. Nd2 Ke6 30. f4 Rc5 31. Nxe4 Bxe4 32. Rxe4+ Kd6 33. c4 b5 34. Rd4+ Kc6 35. cxb5+ Rxb5 36. Rc4+ Rc5 37. Ra4 a5 38. Rd4 Rd5 39. Re4 Kd7 40. Kf2 Rd2+ 41. Re2 Rxe2+ 42. Kxe2 Ke6 43. f5+ Ke5 44. Ke3 c5 45. g3 g6 46. fxg6 hxg6 47. Kd3 Kd5 48. Kc3 c4 49. g5 Kc5 50. a3 Kd5 51. g4 Kc5 52. Kc2 Kd4 53. Kd2 c3+ 54. Kc2 a4 55. Kc1 Kc5 56. Kb1 Kc4 57. Kc2 Kd4 58. Kc1 Kc5 59. Kb1 Kd4 60. Kc1 Kd3 61. Kd1 Ke3 62. Kc2 Kd4 63. Kc1 Ke4 64. Kc2 Kf4 65. Kxc3 Kxg4 66. Kb4 Kxg5 67. Kxa4 Kf5 68. Kb5 g5 69. a4 g4 70. a5 g3 71. a6 g2 72. a7 g1Q 73. a8Q Qb1+ 74. Ka6 Qa2+ 75. Kb7 Qd5+ 76. Ka7 Qa5+ 77. Kb8 Qd8+ 78. Kb7 Qd7+ 79. Ka6 Qd6+ 80. Ka7 Qc7+ 81. Ka6 Ke6 82. Qg8+ Qf7 83. Qg4+ Qf5 84. Qe2+ Kd6 85. Qd2+ Qd5 86. Qh6+ Kc5 87. Qc1+ Kd6 88. Qa3+ Qc5 89. Qg3+ Kc6 90. Qg2+ Kc7 91. Qb7+ Kd6 92. Qb8+ Qc7 93. Qb4+ Qc5 94. Qd2+ Kc6 95. Qh6+ Qd6 96. Qh1+ Kc7+ 97. Kb5 Qe5+ 98. Kc4 Qf4+ 99. Kd3 Qg3+ 100. Ke2 Qe5+ 101. Kd2 Qb2+ 102. Ke3 Qb6+ 103. Kf4 Qf6+ 104. Ke3 Qg5+ 105. Ke2 Qe5+ 106. Kd2 Qb2+ 107. Ke3 Qc3+ 108. Kf2 Qd2+ 109. Kg3 Qg5+ 110. Kf2 Qf6+ 111. Ke2 Qe6+ 112. Kd2 Kd6 113. Qh2+ Kd5 114. Qg2+ Kd4 115. Qf2+ Kd5 116. Qf3+ Qe4 117. Qf7+ Qe6 118. Qb7+ Qc6 119. Qb3+ Qc4 120. Qd1 Qd4+ 1/2-1/2

[Event "GER-ch U08"]
[White "Jiang, Luca"]
[Black "Wang, Kaichen"]
[Site "Willingen"]
[Round "6"]
[Result "1-0"]
[Date "2024.05.24"]
[WhiteElo "1098"]
[BlackElo "1599"]
[PlyCount "123"]
[EventDate "2024.05.22"]
[EventType "swiss"]
[EventRounds "7"]
[EventCountry "GER"]
[SourceTitle "CBM 220 Extra"]
[Source "ChessBase"]
[SourceDate "2024.07.31"]
[SourceVersion "1"]
[SourceVersionDate "2024.07.31"]
[SourceQuality "1"]

1. e4 c5 2. Nc3 a6 3. a4 b6 4. Bc4 e6 5. d3 Bb7 6. Nf3 Nc6 7. Bf4 h6 8. h3 d6 9. 0-0 e5 10. Bh2 Nf6 11. Qd2 Be7 12. Rfe1 0-0 13. Rad1 Qd7 14. Nd5 Nxd5 15. Bxd5 Nb4 16. Bxb7 Qxb7 17. c3 Nc6 18. d4 Rad8 19. Qe2 Bf6 20. dxe5 dxe5 21. Rxd8 Rxd8 22. Rd1 Rxd1+ 23. Qxd1 Qb8 24. Qd5 Qc7 25. Qd3 a5 26. Kf1 Kf8 27. g4 g5 28. Ke2 Ke7 29. Qd5 Qd6 30. Qxd6+ Kxd6 31. Kd3 Bd8 32. Kc4 f6 33. h4 Na7 34. hxg5 hxg5 35. b4 axb4 36. cxb4 cxb4 37. Kxb4 Nc6+ 38. Ka3 Na7 39. Nd2 Ke6 40. Kb4 Be7+ 41. Kc4 Bc5 42. f3 Be3 43. Kd3 Bxd2 44. Kxd2 b5 45. Bg1 Nc8 46. axb5 Nd6 47. b6 Kd7 48. Kc3 Kc8 49. Kb4 Kb8 50. Kc5 Nb7+ 51. Kc6 Kc8 52. Kd5 Kd7 53. Bc5 Nxc5 54. Kxc5 Kc8 55. Kc6 Kb8 56. b7 Ka7 57. Kc7 Ka6 58. b8Q Ka5 59. Kc6 Ka4 60. Qb2 f5 61. Kc5 fxe4 62. Qb4# 1-0

[Event "GER-ch U08"]
[White "Fritsch, Julian1"]
[Black "Jiang, Luca"]
[Site "Willingen"]
[Round "3"]
[Result "0-1"]
[Date "2024.05.23"]
[WhiteElo "1136"]
[BlackElo "1098"]
[PlyCount "52"]
[EventDate "2024.05.22"]
[EventType "swiss"]
[EventRounds "7"]
[EventCountry "GER"]
[SourceTitle "CBM 220 Extra"]
[Source "ChessBase"]
[SourceDate "2024.07.31"]
[SourceVersion "1"]
[SourceVersionDate "2024.07.31"]
[SourceQuality "1"]

1. e4 e5 2. Nf3 Nc6 3. Bc4 Bc5 4. c3 d6 5. d4 exd4 6. cxd4 Bb6 7. Bf4 Nf6 8. Nc3 Bg4 9. Qd3 Bxf3 10. Qxf3 Nxd4 11. Qd3 0-0 12. 0-0 Qd7 13. Be3 Ne6 14. Bxe6 Qxe6 15. Bxb6 axb6 16. Rfe1 Rfe8 17. Re3 Ra5 18. Rae1 c5 19. Rg3 c4 20. Qf3 Re5 21. b3 cxb3 22. axb3 Nxe4 23. Nxe4 Rxe4 24. Rxe4 Qxe4 25. Qe3 Qb1+ 26. Qc1 Qxc1# 0-1